logo

Bir Sreshtho Munshi Abdur Rouf Library
Jhenaidah Cadet College

আল-কুরআনের বিষয়ভিত্তিক আয়াত প্রথম খণ্ড / (Record no. 6366)

MARC details
000 -LEADER
fixed length control field 00811nam a2200217 a 4500
001 - CONTROL NUMBER
JCCL Control Number 6366
003 - CONTROL NUMBER IDENTIFIER
JCCL marc code BD-JhCC
005 - DATE AND TIME OF LATEST TRANSACTION
control field 20180301191329.0
008 - FIXED-LENGTH DATA ELEMENTS--GENERAL INFORMATION
fixed length control field 180122s2000 bg |||| ||a| 000 0 ben d
035 ## - SYSTEM CONTROL NUMBER
system control number (BD-JhCC)6366
040 ## - CATALOGING SOURCE
Original cataloging agency BD-JhCC
Modifying agency BD-JhCC
041 ## - LANGUAGE CODE
Language code of Book ben
082 ## - DEWEY DECIMAL CLASSIFICATION NUMBER
Classification number 297.1227
Author mark and Year ISL 2000
245 ## - TITLE STATEMENT
Title আল-কুরআনের বিষয়ভিত্তিক আয়াত প্রথম খণ্ড /
Statement of responsibility, etc ইসলামিক ফাউণ্ডেশন বাংলাদেশ
260 ## - PUBLICATION, DISTRIBUTION, ETC. (IMPRINT)
Place of publication, distribution, etc ঢাকা :
Name of publisher, distributor, etc ইসলামিক ফাউণ্ডেশন বাংলাদেশ
Date of publication, distribution, etc 2000
300 ## - PHYSICAL DESCRIPTION
Pagination 500 p. :
Dimensions 24 cm.
650 ## - SUBJECT ADDED ENTRY--TOPICAL TERM
Topical term or geographic name as entry element The Holy Quran
710 ## - ADDED ENTRY--CORPORATE NAME
Corporate name or jurisdiction name as entry element ইসলামিক ফাউণ্ডেশন বাংলাদেশ
942 ## - ADDED ENTRY ELEMENTS (KOHA)
Source of classification or shelving scheme Dewey Decimal Classification
Koha item type Books
Holdings
Source of classification or shelving scheme volume number Damaged status Not for loan Home library Current library Shelving location Date of accession Cost, normal purchase price Total Checkouts Full call number Barcode Date last seen Copy number Koha item type
Dewey Decimal Classification V-1     JCC Rouf Library JCC Rouf Library General Stacks 01/22/2018 236.00   297.1227 ALQ 2000 511 01/22/2018 C-1 Books

JCC Library | Contacts | JCC Home

Last Update on 23 September 2017
Copyright @ 2017-2020 JCC Rouf Library
Rouf Library, Jhenidah Cadet College (JCC), Bangladesh